00000000cam 2200000zi 4500
0019.944209
003CaOODSP
00520251117104427
006m     o  d f      
007cr mn|||||||||
008241017t20242024oncbo   ob   f000 0 fre d
020 |a9780660740553
040 |aCaOODSP|bfre|erda|cCaOODSP
043 |an-cn---
0861 |aCS16-510/2024-4F-PDF
1001 |aLantz, Nicholas, |eauteur.
24510|aVerdure urbaine : |bspécifications de contenu informationnel / |cpar Nicholas Lantz.
264 1|a[Ottawa] : |bStatistique Canada = Statistics Canada, |cle 21 novembre 2024.
264 4|c©2024
300 |a1 ressource en ligne (18 pages) : |bcartes, photographies
336 |atexte|btxt|2rdacontent/fre
337 |ainformatique|bc|2rdamedia/fre
338 |aressource en ligne|bcr|2rdacarrier/fre
500 |aPublié aussi en anglais sous le titre : Urban greenness: data product specifications.
500 |a« Recensement de l'environnement : produits d'information spatiale. »
504 |aComprend des références bibliographiques.
520 |a« Le produit est composé de deux produits matriciels qui permettent de déterminer la quantité de végétation et la santé de la végétation dans les zones urbaines, soit l’IVDN moyen et la classification «zones vertes et grises». Les données de chaque année et de chaque produit sont stockées individuellement en un seul fichier, ce qui donne 25 fichiers annuels pour chaque produit et 50 fichiers au total. Cela permet aux utilisateurs de choisir les données pour la période dont ils ont besoin à des fins d’analyse » -- Contenu et structure de données, page 11.
650 6|aFlore urbaine|zCanada|xStatistiques.
650 6|aDonnées géospatiales|zCanada.
7102 |aStatistique Canada, |eorganisme de publication.
77508|tUrban greenness : |w(CaOODSP)9.944208
85640|qPDF|s5.23 Mo|uhttps://publications.gc.ca/collections/collection_2024/statcan/16-510-x2024004-fra.pdf
8564 |qHTML|sS.O.|uhttps://www150.statcan.gc.ca/n1/pub/16-510-x/16-510-x2024004-fra.htm
986 |a16-510-X